| 000 | 00469nam a2200157 4500 | ||
|---|---|---|---|
| 001 | 116324 | ||
| 003 | ES-MaACL | ||
| 005 | 20230906190701.0 | ||
| 007 | t| | ||
| 008 | 061121m19701971sp r ||||1| spa d | ||
| 110 | 2 |
_aPatronato Raimundo Lulio (Madrid) _96198 |
|
| 245 | 1 | 0 |
_aMemoria del año 1968 / _cPatronato Raimundo Lulio (Madrid). |
| 260 |
_aMadrid : _b[s. n.], _c1970-1971 ( _fImp. Aguirre) |
||
| 300 |
_a30 p. ; _c25 cm. |
||
| 852 |
_aES-MaACL _jC-43482 _bR.81072 |
||
| 999 |
_c116324 _d116324 |
||